[Event "Sofia Accedia op"]
[Site "Sofia"]
[Date "2023.03.25"]
[Round "7"]
[White "Terzieva, Viktoria"]
[Black "Hadzhibeev, Ventsislav"]
[Result "0-1"]
[WhiteElo "1624"]
[BlackElo "1917"]
[PlyCount "88"]
[EventDate "2023.03.25"]
[EventType "swiss"]
[EventRounds "9"]
[EventCountry "BUL"]
[SourceTitle "CBM 213 Extra"]
[Source "ChessBase"]
[SourceDate "2023.05.31"]
[SourceVersion "1"]
[SourceVersionDate "2023.05.31"]
[SourceQuality "1"]

1. e4 d6 2. d4 g6 3. Nc3 Bg7 4. Nf3 Nf6 5. Be2 0-0 6. 0-0 h6 7. Be3 Nc6 8. Qd2 Kh7 9. h3 e5 10. dxe5 Nxe5 11. Nxe5 dxe5 12. Qxd8 Rxd8 13. Rad1 Be6 14. f3 a6 15. Rd2 Rxd2 16. Bxd2 Bf8 17. a3 Bc5+ 18. Kh1 Rd8 19. Rd1 Nh5 20. Kh2 f5 21. exf5 gxf5 22. Bc1 Rxd1 23. Bxd1 Nf6 24. Be2 c6 25. Bd3 Kg7 26. g3 Nd5 27. Nxd5 cxd5 28. Kg2 h5 29. Bd2 Kf6 30. c3 Bd7 31. Kf1 e4 32. fxe4 fxe4 33. Be2 Bxh3+ 34. Ke1 Bg4 35. Bf4 Ke6 36. Kd2 Bd6 37. Bxd6 Kxd6 38. Bxg4 hxg4 39. b3 Ke5 40. Ke3 b6 41. a4 a5 42. Kd2 Kd6 43. Ke3 Kc5 44. Kf4 d4 0-1